000 02137cam a2200277zu 4500
001 88809082
003 FRCYB88809082
005 20251020123003.0
006 m o d
007 cr un
008 251020s2011 fr | o|||||0|0|||fre d
020 _a9782251430263
035 _aFRCYB88809082
040 _aFR-PaCSA
_bfr
_c
_erda
100 1 _aTodorov, Tzvetan
245 0 1 _aMédecine, santé et sciences humaines
_bManuel
_c['Todorov, Tzvetan']
264 1 _bLes Belles Lettres
_c2011
300 _a p.
336 _btxt
_2rdacontent
337 _bc
_2rdamdedia
338 _bc
_2rdacarrier
650 0 _a
700 0 _aTodorov, Tzvetan
856 4 0 _2Cyberlibris
_uhttps://international.scholarvox.com/netsen/book/88809082
_qtext/html
_a
520 _aCet ouvrage pluridisciplinaire est destiné à accompagner l'enseignement de sciences humaines et sociales au sein de la formation médicale et des formations en santé. Il s'adresse aux étudiants et à tous ceux qui s'engagent dans les métiers du soin ou qui s'intéressent aux questions épistémologiques, éthiques et sociales impliquées par la médecine contemporaine. Il est principalement l'émanation du Collège des enseignants de sciences humaines et sociales en faculté de médecine et en santé fondé en 2008, qui réunit les enseignants, médecins et non médecins en charge de cet enseignement en France, avec le concours de chercheurs étrangers spécialistes des thématiques abordées. Les auteurs, médecins et non médecins, sont des spécialistes des thèmes abordés travaillant aussi bien en sciences humaines (comme anthropologues, économistes de la santé, historiens, juristes, philosophes, psychanalystes, psychologues, sociologues) que dans le monde de la santé (en biologie, cancérologie, génétique, gériatrie, médecine générale, médecine interne, neurologie, neurochirurgie, psychiatrie, rééducation fonctionnelle, et dans les soins infirmiers). Le projet résulte notamment de la collaboration de responsables et enseignants en sciences humaines et sociales des facultés de médecine françaises.
999 _c1552562
_d1552562